000 00286nam a22001337a 4500
008 170511b xxu||||| |||| 00| 0 eng d
020 _a9760395871050
041 _aeng
080 _24TH
_a34
100 _a15
101 _aSHJ
245 _aAMERICAN COURTS
_cBAUM, L
942 _2udc
_cBK
999 _c13147
_d13147